000 00543nam a22001697a 4500
005 20251108172302.0
008 250721s9999 xx 000 0 ara d
082 1 4 _aط/784.62/علي
100 1 _aخليفة، علي
245 1 0 _aتعليم أركان الإسلام :
_bأناشيد للأطفال /
264 1 _aالقاهره :
_bالمركز العربي للنشر و التوزيع،
_c[19-].
300 _a24ص
650 1 7 _aأغاني الأطفال
650 1 7 _aالشعر الديني
942 _2ddc
_cBK
999 _c75151
_d75151